000 00270nam a2200109Ia 4500
008 220204s9999 xx 000 0 und d
082 _a635.9
_bMCC
100 _aMcCormick, M
245 0 _aAnnals and perennials
260 _aLondon
_bMarshall Cavendish
_c1975
942 _cBK
999 _c27163
_d27163